[Event "Stari Banovci Vidovdan op"]
[Site "Stari Banovci"]
[Date "2014.06.25"]
[Round "6"]
[White "Jovanovic, Miroslav T"]
[Black "Stankovic, Miodrag"]
[Result "1/2-1/2"]
[WhiteElo "2020"]
[BlackElo "1851"]
[PlyCount "130"]
[EventDate "2014.06.21"]
[EventType "swiss"]
[EventRounds "9"]
[EventCountry "SRB"]
[SourceTitle "CBM 161 Extra"]
[Source "ChessBase"]
[SourceDate "2014.08.29"]
[SourceVersion "1"]
[SourceVersionDate "2014.08.29"]
[SourceQuality "1"]

1. e4 g6 2. d4 c6 3. f4 d5 4. e5 Bf5 5. c3 h5 6. Be2 h4 7. h3 e6 8. Nd2 Qb6 9. Qb3 Nd7 10. Qxb6 Nxb6 11. Ngf3 Be7 12. 0-0 Nh6 13. Re1 Bc2 14. Nf1 Nf5 15. Ne3 Nxe3 16. Bxe3 a5 17. Rac1 Bf5 18. Nd2 Na4 19. b3 Nb2 20. c4 dxc4 21. bxc4 Bb4 22. Rf1 Nd3 23. Rb1 Ra7 24. a3 Bxa3 25. Rb3 Nc1 26. Rxa3 Nxe2+ 27. Kh2 Kd7 28. Rfa1 Rha8 29. d5 Ra6 30. Nb3 b6 31. c5 a4 32. cxb6 axb3 33. b7 Rxa3 34. Rxa3 Rb8 35. Rxb3 exd5 36. Bc5 d4 37. Bd6 Re8 38. b8Q Rxb8 39. Rxb8 Ke6 40. Re8+ Kd5 41. Rd8 Ke4 42. Bc5 d3 43. Bf2 Kxf4 44. Bxh4 Kxe5 45. Be1 c5 46. g3 c4 47. g4 Be6 48. Kg2 Nf4+ 49. Kf3 Bd5+ 50. Kg3 Ne2+ 51. Kf2 c3 52. Ke3 c2 53. Bd2 c1Q 54. Bxc1 Nxc1 55. Kd2 Ne2 56. Kxd3 Nf4+ 57. Ke3 Nxh3 58. Rb8 Nf4 59. Rb5 Ng2+ 60. Kf2 Nf4 61. Kg3 g5 62. Ra5 f6 63. Rb5 Ne6 64. Rb8 Nd4 65. Rb4 f5 1/2-1/2

[Event "Stari Banovci Vidovdan op"]
[Site "Stari Banovci"]
[Date "2014.06.22"]
[Round "3"]
[White "Stankovic, Milos M"]
[Black "Stankovic, Miodrag"]
[Result "1/2-1/2"]
[WhiteElo "1529"]
[BlackElo "1851"]
[PlyCount "28"]
[EventDate "2014.06.21"]
[EventType "swiss"]
[EventRounds "9"]
[EventCountry "SRB"]
[SourceTitle "CBM 161 Extra"]
[Source "ChessBase"]
[SourceDate "2014.08.29"]
[SourceVersion "1"]
[SourceVersionDate "2014.08.29"]
[SourceQuality "1"]

1. d4 Nf6 2. Nf3 g6 3. Bf4 Bg7 4. e3 d6 5. Bd3 Nbd7 6. h3 b6 7. 0-0 Bb7 8. Nbd2 0-0 9. c3 Nh5 10. Bh2 f5 11. e4 e6 12. Re1 Re8 13. Qb3 Kh8 14. e5 dxe5 1/2-1/2

[Event "Nova Pazova-ch"]
[Site "Nova Pazova"]
[Date "2014.02.16"]
[Round "3"]
[White "Subotic, Srbislav"]
[Black "Stankovic, Miodrag"]
[Result "1-0"]
[WhiteElo "2174"]
[BlackElo "1882"]
[PlyCount "121"]
[EventDate "2014.02.14"]
[EventType "swiss"]
[EventRounds "9"]
[EventCountry "SRB"]
[SourceTitle "CBM 159 Extra"]
[Source "ChessBase"]
[SourceDate "2014.04.24"]
[SourceVersion "1"]
[SourceVersionDate "2014.04.24"]
[SourceQuality "1"]

1. e4 e5 2. d4 exd4 3. Qxd4 Nc6 4. Qa4 a6 5. Nc3 Bc5 6. Nd5 h6 7. Be3 Bxe3 8. Nxe3 Qf6 9. c3 Nge7 10. Nf3 0-0 11. Be2 d6 12. 0-0 Qg6 13. Nh4 Qg5 14. g3 Kh8 15. b4 Bh3 16. f4 Qf6 17. Rfc1 g5 18. Nhg2 Rg8 19. Kh1 Bxg2+ 20. Nxg2 Ng6 21. fxg5 hxg5 22. Qc2 Kg7 23. Rf1 Qe6 24. Rf5 f6 25. Raf1 Raf8 26. Ne3 Nge7 27. Bc4 Qd7 28. Bxg8 Nxf5 29. Rxf5 Kxg8 30. Nd5 Kg7 31. Qf2 Qd8 32. h4 g4 33. Qe2 Ne5 34. Ne3 Qe8 35. Nxg4 Qc6 36. Nxe5 dxe5 37. Qg4+ Kf7 38. Qf3 Ke6 39. h5 Qc4 40. h6 Qxa2 41. Qg4 Ke7 42. h7 Qf7 43. Qh4 Rh8 44. Rxe5+ Kd6 45. Rh5 Ke7 46. Rh6 Ke6 47. Qg5 Ke7 48. Qh4 Ke6 49. Kg2 b6 50. Qg5 Ke7 51. Qf5 Qg7 52. Rh5 Rd8 53. Qf4 Ke6 54. Rh6 Rh8 55. g4 Kd7 56. Qf5+ Ke7 57. Rh5 c6 58. Kf3 Kd6 59. Kf4 Re8 60. Ke3 Rh8 61. g5 1-0